000 01059nam a2200313 i 4500
003 EG-GICUC
005 20260128132712.0
008 260128s2004 fr ||frl||| 001 0 fre d
020 _a2802719777
040 _aEG-GiCUC
_bfre
_cEG-GiCUC
_dEG-GiCUC
_eRda
041 0 _afre
082 0 4 _221
_a341.8102
_bFR . C
092 0 4 _221
099 _aLaw1 12 341.8102 FR . C 2004
110 1 _aFrance
_kLois, etc.
_eAuteur
245 0 3 _aCode de droit international privé :
_bTextes Assemblés Au 1 Septembre 2004 /
_cPar Jean-yves Carlier, Marc Fallon, Et Bernadette Martin-bosly.
264 1 _aParis :
_bBruylant,
_c2004.
300 _a779 page,
_c20 cm.
336 _2rda contenu
_a texte
337 _2rda medias
_aOrdinateur
338 _2 transporteur rda
_a Ressource en ligne
546 _aTexte en français
650 1 4 _aDroit international privé
700 1 _a Martin-bosly, Bernadette
_eCo-Auteur
700 1 _aFallon, Marc
_eAuteur
856 4 0 _uhttps://fll.law.cu.edu.eg/fulltext/bks/B12-02354.pdf
905 _a48
942 _2ddc
_cBK
_e21
_n0
999 _c59932
_d59932